000 01452nam2a2200253 4500
001 RU\NLR\bibl\489883
005 20250623194931.0
021 _aRU
_b2004-1754
_993
035 _a(NLR Aleph) 000482559
090 _a1063022
_c1063022
100 _a20040212d2003 |||y0rusy50 ca
101 0 _arus
102 _aRU
105 _aa |||||||||
200 1 _a(1981-1984 гг.)
210 _d2003
_aБ. м.
215 _a221 с.
_cил.
320 _aБиблиогр. в конце ст. и в подстроч. примеч.
461 0 _1001RU\NLR\bibl\492245
_12001#$aСборник избранных научных трудов преподавателей и сотрудников кафедры "Технология литейного производства"$vТ. 8
_91077045
_aПермский государственный технический университет. Кафедра "Технология литейного производства"
_cПермь
_d2003
_fМ-во образования РФ, Перм. гос. техн. ун-т. Каф. "Технология литейн. пр-ва"
_nПГТУ
_tСборник избранных научных трудов преподавателей и сотрудников кафедры "Технология литейного производства"
_vТ. 8
801 0 _aRU
_bNLR
_c20040212
_gPSBO
801 1 _aRU
_bNLR
_c20040212
942 _cBOOK
980 _aNB